| 000 | 00446cas1a220014500 4500 | ||
|---|---|---|---|
| 001 | zam00004680 | ||
| 008 | 951212n xx eng u | ||
| 035 | _a(Sirsi) r21933 | ||
| 035 | _a(MACHINE)01457 | ||
| 245 | 0 | 0 | _aFocal point. |
| 260 |
_aLusaka : _bZambia State Insurance Corporation. |
||
| 650 |
_aCorporations -- Finance. _xCorporations -- Finance. _6S2649.1 |
||
| 949 |
_aZAMBIANA _wlcc _i-21225 _mMAIN _p000 _tBOOK _lON-SHELF |
||
| 004 | 21933 | ||
| 999 |
_c180365 _d180365 |
||